Henrik Ibsen : a bibliography of criticism and biography, with an index to characters /

Bibliographic Details
Main Author: Firkins, Ina Ten Eyck, 1866-1937
Format: Book
Language:English
Published: Norwood, Pa. : Norwood Editions, 1976.
Series:Practical bibliographies.
Subjects:

MARC

Tag First Indicator Second Indicator Subfields
LEADER 00000pam a2200000 i 4500
001 in00000487574
005 20151013055142.0
008 760227r19761921pau b 00110 eng
010 |a  76006106  
020 |a 088305695X (lib. bdg. :)  |c $12.50 
035 |a (OCoLC)02091447 
035 |9 ACC4665AM 
040 |a DLC  |c DLC  |d TXA  |d UtOrBLW 
049 |a [Hum] TXAM  |c [1551814] 
050 1 0 |a Z8431  |b .F52 1976  |a PT8890 
082 0 |a 016.8398/2/26 
100 1 |a Firkins, Ina Ten Eyck,  |d 1866-1937. 
245 1 0 |a Henrik Ibsen :  |b a bibliography of criticism and biography, with an index to characters /  |c compiled by Ina Ten Eyck Firkins. 
264 1 |a Norwood, Pa. :  |b Norwood Editions,  |c 1976. 
300 |a 80 pages ;  |c 23 cm. 
336 |a text  |b txt  |2 rdacontent 
337 |a unmediated  |b n  |2 rdamedia 
338 |a volume  |b nc  |2 rdacarrier 
500 |a Reprint of the 1921 edition published by H. W. Wilson Co., New York, in series: Practical bibliographies. 
500 |a Includes index. 
600 1 0 |a Ibsen, Henrik,  |d 1828-1906  |x Bibliography. 
830 0 |a Practical bibliographies. 
999 |a MARS 
999 f f |s d101dc01-77bd-3cef-ad56-0ae3f4a9cbe3  |i 8a8895c3-7999-3e8f-81be-5f05c33d2927  |t 0 
952 f f |p ric  |a Texas A&M University  |b Rellis Campus  |c Joint Library Facility  |d Remote Storage  |t 0  |e Z8431 .F52 1976  |h Library of Congress classification  |i unmediated -- volume  |m A14805822844 
998 f f |a Z8431 .F52 1976  |t 0  |l Remote Storage